Normal view MARC view
  • Cantilli, Edmund J.

Entry Personal Name

Number of records used in: 2

001 - CONTROL NUMBER

  • control field: 13584

003 - CONTROL NUMBER IDENTIFIER

  • control field: NUST

005 - DATE AND TIME OF LATEST TRANSACTION

  • control field: 20190130110622.0

008 - FIXED-LENGTH DATA ELEMENTS

  • fixed length control field: 190130|| aca||aabn | a|a d

040 ## - CATALOGING SOURCE

  • Original cataloging agency: NUST
  • Transcribing agency: NUST

100 ## - HEADING--PERSONAL NAME

  • Personal name: Cantilli, Edmund J.

670 ## - SOURCE DATA FOUND

  • Source citation: Work cat.: (NUST)0: Pignataro, Louis J., 1923- 13583, Traffic engineering: theory and practice, [1973]
© 2023 Central Library, National University of Sciences and Technology. All Rights Reserved.